Intellectual property rights: (Record no. 35723)

MARC details
000 -LEADER
fixed length control field 03043nam a22003497a 4500
005 - DATE AND TIME OF LATEST TRANSACTION
control field 20101113143832.0
010 ## - LCCN (DPL NO)
LC control number B-409611-621
020 ## - INTERNATIONAL STANDARD BOOK NUMBER
International Standard Book Number 9788126912629
Terms of availability 750.00
035 ## - SYSTEM CONTROL NUMBER
System control number B-409611-621
037 ## - SOURCE OF ACQUISITION
Source of stock number/acquisition Atlantic Publishers
082 ## - DEWEY DECIMAL CLASSIFICATION NUMBER
Classification number 346.54048
100 ## - MAIN ENTRY--PERSONAL NAME
Personal name Karki, M.M.S.
245 ## - TITLE STATEMENT
Title Intellectual property rights:
Statement of responsibility, etc by M.M.S. Karki
Remainder of title basic concepts /
260 ## - PUBLICATION, DISTRIBUTION, ETC. (IMPRINT)
Place of publication, distribution, etc New Delhi
Name of publisher, distributor, etc Atlantic Publishers
Date of publication, distribution, etc 2009
270 ## - ADDRESS
Address 7//22, Ansari Road, Daryaganj
City New Delhi
Postal code 110002
300 ## - PHYSICAL DESCRIPTION
Extent xiv, 343 p. :
Dimensions 23 cm(Hb)
500 ## - GENERAL NOTE
General note Includes index
600 ## - SUBJECT ADDED ENTRY--PERSONAL NAME
Personal name Gulazāra
Form subdivision Translations into English.
942 ## - ADDED ENTRY ELEMENTS (KOHA)
Source of classification or shelving scheme Dewey Decimal Classification
Item type English Books
Call number suffix KAR
Classification part 346.54048
Holdings
Withdrawn status Lost status Not for loan Collection code Home library Current library Date acquired Source of acquisition Cost, normal purchase price Full call number Barcode Copy number Cost, replacement price Koha item type
      Non-fiction Bawana Bawana 13/11/2010 Atlantic Publishers/10-02271/6.7.10/24/1.7.10/13.7.10 750.00 346.54048 KAR B-409618 1 750.00 English Books
      Non-fiction Bawana Bawana 13/11/2010 Atlantic Publishers/10-02271/6.7.10/24/1.7.10/13.7.10 750.00 346.54048 KAR B-409620 1 750.00 English Books
      Non-fiction Central Library Central Library 13/11/2010 Atlantic Publishers/10-02271/6.7.10/24/1.7.10/13.7.10 750.00 346.54048 KAR B-409611 1 750.00 English Books
    Not For Loan Reference Central Library Central Library 13/11/2010 Atlantic Publishers/10-02271/6.7.10/24/1.7.10/13.7.10 750.00 346.54048 KAR B-409612 1 750.00 English Books
      Non-fiction Janak Puri Janak Puri 13/11/2010 Atlantic Publishers/10-02271/6.7.10/24/1.7.10/13.7.10 750.00 346.54048 KAR B-409614 2 750.00 English Books
      Non-fiction Janak Puri Janak Puri 13/11/2010 Atlantic Publishers/10-02271/6.7.10/24/1.7.10/13.7.10 750.00 346.54048 KAR B-409615 2 750.00 English Books
      Non-fiction Narela Narela 13/11/2010 Atlantic Publishers/10-02271/6.7.10/24/1.7.10/13.7.10 750.00 346.54048 KAR B-409619 1 750.00 English Books
      Non-fiction Patel Nagar Patel Nagar 13/11/2010 Atlantic Publishers/10-02271/6.7.10/24/1.7.10/13.7.10 750.00 346.54048 KAR B-409613 1 750.00 English Books
      Non-fiction Sarojini Nagar Sarojini Nagar 13/11/2010 Atlantic Publishers/10-02271/6.7.10/24/1.7.10/13.7.10 750.00 346.54048 KAR B-409616 1 750.00 English Books
      Non-fiction Shahdara Branch Shahdara Branch 13/11/2010 Atlantic Publishers/10-02271/6.7.10/24/1.7.10/13.7.10 750.00 346.54048 KAR B-409621 1 750.00 English Books
      Non-fiction Vinoba Puri Vinoba Puri 13/11/2010 Atlantic Publishers/10-02271/6.7.10/24/1.7.10/13.7.10 750.00 346.54048 KAR B-409617 1 750.00 English Books

© Delhi Public Library
Hit Counter
free hit counter